书目信息 |
| 题名: |
幼儿园教育教学工作大纲
|
|
| 作者: | ;董原 译 ;罗马尼亚社会主义共和国教育部 制订 | |
| 分册: | ||
| 出版信息: | 北京 文化教育出版社 1980 |
|
| 页数: | 194页 | |
| 开本: | 19cm | |
| 丛书名: | ||
| 单 册: | ||
| 中图分类: | G619.542.8 , G61-41 | |
| 科图分类: | ||
| 主题词: | 幼儿园-教学大纲--罗马尼亚 , 教学大纲-幼儿园--罗马尼亚 | |
| 电子资源: | ||
| ISBN: | ||
| 000 | 01036nam0 2200301 45 | |
| 001 | 0180001313 | |
| 005 | 20040425134904.7 | |
| 010 | @dCNY0.47 | |
| 091 | @a7057.018 | |
| 100 | @a19950415d1980 em y0chiy0121 ea | |
| 101 | 1 | @achi@crum |
| 102 | @aCN@b110000 | |
| 105 | @ay z 000yy | |
| 106 | @ar | |
| 200 | 10 | @a幼儿园教育教学工作大纲@Ayou er yuan jiao yu jiao xue gong zuo da gang@f罗马尼亚社会主义共和国教育部制订@g董原译 |
| 210 | @a北京@c文化教育出版社@d1980 | |
| 215 | @a194页@d19cm | |
| 300 | @aPrograma Activitǎtii Instuctiv-Educative in Grǎdinita deCopii | |
| 510 | 1 | @aPrograma Activitǎtii Instuctiv-Educative in Grǎdinita deCopii@zrum |
| 606 | @a幼儿园-教学大纲@y罗马尼亚 | |
| 606 | @a教学大纲-幼儿园@y罗马尼亚 | |
| 690 | @aG619.542.8@v3 | |
| 690 | @aG61-41 | |
| 702 | 0 | @a董原@Adong yuan@4译 |
| 711 | 02 | @a罗马尼亚社会主义共和国教育部@Aluo ma ni ya she hui zhu yi gong he guo jiao yu bu@4制订 |
| 801 | 0 | @aCN@b上海图书馆@c20040425 |
| 801 | 2 | @aCN@bNLC@c20040425 |
| 905 | @f2@b81726-727@dG61-41@e27 | |
| 幼儿园教育教学工作大纲/罗马尼亚社会主义共和国教育部制订/董原译.-北京:文化教育出版社,1980 |
| 194页;19cm |
| Programa Activitǎtii Instuctiv-Educative in Grǎdinita deCopii |
| ISBN :CNY0.47 |
| ● |
| 相关链接 |
|
|
|
|
正题名:幼儿园教育教学工作大纲
索取号:G61-41/27
 
预约/预借
| 序号 | 登录号 | 条形码 | 馆藏地/架位号 | 状态 | 备注 |
| 1 | 0081726 | 000464802 | 密集书库/ [索取号:G61-41/27] | 在馆 | |
| 2 | 0081727 | 000464679 | 密集书库/ [索取号:G61-41/27] | 在馆 | |
| 3 | 0081728 | 000464759 | 第一样本阅览室/ [索取号:G61-41/27] | 在馆 |